000 00369 a2200169 4500
001 56719
020 _a8530501233
040 _cAnchieta - Pituba
100 _aAguiar, Luiz Antonio
240 1 0 _aDemétrio, o tímido
_lpor
245 1 0 _aDemétrio, o tímido
300 _a62
362 0 _a1997
440 1 _aQuinteto
650 4 _aLiteratura juvenil
942 _cBK
999 _c56719
_d56719